000
00213nam a22000857a 4500
008
160908b xxu||||| |||| 00| 0 eng d
100
_9
333
_a
Mishra N.K
245
_a
Biology-X
260
_a
New Delhi
_b
B.B publication
_c
2011
999
_c
2993
_d
2993